000
00280nam a2200097Ia 4500
082
_a
347.6805 CIVI
245
0
_a
Civil procedure : a practical guide
100
_a
Pete, Steve Claremont, South Africa, 2005
_9
16976
942
_c
BK
008
210816s9999 xx 000 0 und d
999
_c
81528
_d
81530